[Event "SR 2. liga A 2015/2016"]
[Site "?"]
[Date "2016.03.13"]
[Round "11.5"]
[White "Liptak, Dusan"]
[Black "Macko, Miroslav"]
[Result "1/2-1/2"]
[WhiteElo "2126"]
[BlackElo "2198"]
[PlyCount "130"]
[EventDate "2015.??.??"]

1. d4 Nf6 2. c4 c5 3. Nf3 cxd4 4. Nxd4 e5 5. Nb5 d5 6. cxd5 Bc5 7. e3 O-O 8.
Be2 Nxd5 9. a3 Nc6 10. O-O Be6 11. N5c3 Nb6 12. b4 Be7 13. Nd2 f5 14. Qc2 Bf6
15. Rd1 Qe7 16. Nb3 a5 17. b5 a4 18. Nd2 Na5 19. e4 Rac8 20. Bb2 Bg5 21. exf5
Bxf5 22. Nde4 Nb3 23. Rab1 Qf7 24. f3 Nd5 25. Rxd5 Qxd5 26. Nxd5 Rxc2 27. Bd3
Bxe4 28. Bxe4 Rc5 29. Bxe5 Rxb5 30. Bd6 Rc8 31. Nc7 Rb6 32. Bd5+ Kh8 33. Bg3
Be3+ 34. Kh1 Nd2 35. Re1 Rb1 36. Rxb1 Nxb1 37. Bxb7 Rb8 38. Bc6 Nd2 39. Nb5 Rb6
40. Bd7 Bc5 41. h3 Nb1 42. Be5 Rb7 43. Bc6 Re7 44. f4 Kg8 45. Nc7 Bxa3 46. Bxa4
Nd2 47. Bc6 Nf1 48. g4 Ne3 49. Nd5 Nxd5 50. Bxd5+ Kf8 51. Kg2 Rd7 52. Be4 h6
53. h4 Rd1 54. h5 Bc1 55. Kf3 Rg1 56. Bf5 Re1 57. Kf2 Re3 58. Bg6 Kg8 59. Kg2
Ra3 60. Kf2 Bd2 61. Ke2 Bb4 62. Kf2 Be7 63. Ke2 Bc5 64. Bf5 Re3+ 65. Kf1 Ra3
1/2-1/2

[Event "SR 2. liga A 2015/2016"]
[Site "?"]
[Date "2016.03.13"]
[Round "11.5"]
[White "Macko, Peter"]
[Black "Doucha, Ludvig"]
[Result "1-0"]
[WhiteElo "2124"]
[BlackElo "1966"]
[PlyCount "127"]
[EventDate "2015.??.??"]

1. e4 e5 2. Nf3 d6 3. Bc4 c5 4. h3 Be7 5. O-O Nf6 6. Re1 O-O 7. c3 Nc6 8. d4
Qc7 9. dxc5 dxc5 10. Bg5 Nd8 11. Nbd2 Ne6 12. Bxf6 Bxf6 13. g3 Bd7 14. a4 b6
15. Nf1 Bc6 16. Qc2 Qb7 17. h4 a6 18. N3d2 Rfe8 19. Ne3 Rad8 20. Bd5 Nc7 21. c4
g6 22. Rad1 Ne6 23. Bxe6 fxe6 24. f3 Rd6 25. Nb1 Red8 26. Nc3 Rd4 27. Ne2 R4d6
28. b3 Bg7 29. Rxd6 Rxd6 30. Rd1 Qd7 31. Rxd6 Qxd6 32. Qd1 Qxd1+ 33. Nxd1 Bh6
34. Kf2 a5 35. Ne3 Kf7 36. Nc1 Bg7 37. g4 h5 38. Nd3 Bf6 39. Kg3 Bb7 40. Nd1
Bc6 41. Nc3 Bg7 42. Nb5 Ke7 43. Kh3 Bf6 44. Nc3 Kf7 45. Ne2 Bg7 46. Ng3 hxg4+
47. fxg4 Bh8 48. g5 Bb7 49. Kg4 Bc6 50. h5 gxh5+ 51. Kxh5 Bg7 52. Nf2 Be8 53.
g6+ Kf8 54. Kg5 Bc6 55. Nh5 Bb7 56. Nf6 Ke7 57. N2g4 Bc6 58. Nh5 Kf8 59. Ngf6
Bb7 60. Nxg7 Kxg7 61. Nh5+ Kf8 62. Kh6 Bxe4 63. g7+ Kf7 64. Nf6 1-0

[Event "SR 2. liga A 2015/2016"]
[Site "?"]
[Date "2016.03.13"]
[Round "11.5"]
[White "Kolenak, Matus"]
[Black "Vrtiakova, Anna"]
[Result "1-0"]
[WhiteElo "1995"]
[BlackElo "1993"]
[PlyCount "71"]
[EventDate "2015.??.??"]

1. d4 d5 2. Nf3 Nf6 3. c4 e6 4. Nc3 Be7 5. Bg5 O-O 6. e3 Nbd7 7. Bd3 dxc4 8.
Bxc4 a6 9. a4 b6 10. O-O Bb7 11. Qe2 h6 12. Bh4 Nd5 13. Bg3 N7f6 14. Rac1 Nxc3
15. bxc3 Ne4 16. Be5 Qd7 17. Qc2 Nd6 18. Bd3 f5 19. c4 Ne4 20. Rfd1 Bf6 21. d5
Bxe5 22. Nxe5 Qd6 23. Ng6 Rf6 24. Nf4 e5 25. Nh5 Rg6 26. Bxe4 fxe4 27. Qxe4 Rg5
28. Ng3 Rf8 29. Qc2 Qe7 30. c5 Rg4 31. h3 Rb4 32. d6 cxd6 33. cxd6 Qh4 34. d7
Qf6 35. Qd2 Rxa4 36. d8=Q 1-0

[Event "SR 2. liga A 2015/2016"]
[Site "?"]
[Date "2016.03.13"]
[Round "11.5"]
[White "Lintner, Igor Ml"]
[Black "Mosny, Jaroslav"]
[Result "0-1"]
[WhiteElo "2092"]
[BlackElo "1932"]
[PlyCount "70"]
[EventDate "2015.??.??"]

1. e4 e5 2. Nf3 d6 3. d4 exd4 4. Nxd4 g6 5. Bc4 Bg7 6. O-O Nf6 7. Nc3 O-O 8. f3
Nbd7 9. a3 Nc5 10. Be3 a6 11. Qd2 Be6 12. Nxe6 Nxe6 13. Rad1 Qe7 14. Rfe1 Rfe8
15. Bf2 Rac8 16. f4 Ng4 17. f5 Nc5 18. Nd5 Qe5 19. Bg3 Qxb2 20. Qg5 Ne5 21.
fxg6 hxg6 22. Ne7+ Rxe7 23. Qxe7 Nxc4 24. e5 Nxe5 25. Rb1 Qc3 26. Rf1 Ne4 27.
Bxe5 Qe3+ 28. Kh1 Bxe5 29. Qxf7+ Kh8 30. Rf3 Ng5 31. Qxg6 Nxf3 32. Qh5+ Kg7 33.
gxf3 Rh8 34. Qg4+ Kf6 35. h4 Qf4 0-1

[Event "SR 2. liga A 2015/2016"]
[Site "?"]
[Date "2016.03.13"]
[Round "11.6"]
[White "Jozefek, Michal"]
[Black "Sosovicka, Juraj"]
[Result "1/2-1/2"]
[WhiteElo "2176"]
[BlackElo "2193"]
[PlyCount "66"]
[EventDate "2015.??.??"]

1. d4 d5 2. c4 c6 3. Nf3 Nf6 4. e3 e6 5. b3 Bb4+ 6. Bd2 Be7 7. Bd3 O-O 8. O-O
dxc4 9. bxc4 c5 10. Bc3 Nc6 11. Nbd2 b6 12. Qc2 cxd4 13. exd4 Nb4 14. Bxb4 Bxb4
15. Ne4 g6 16. Ne5 Bb7 17. Nxf6+ Qxf6 18. Be4 Qe7 19. Bxb7 Qxb7 20. Qb2 Bd6 21.
Rfe1 Rac8 22. Rac1 Qe7 23. Qb5 Bxe5 24. Qxe5 Qa3 25. h4 Rfd8 26. Red1 h5 27.
Rc2 Rd7 28. Qe3 Qb4 29. Qb3 Qe7 30. g3 Qf6 31. Rcd2 Rcd8 32. Qe3 Qf5 33. Kg2
Rc8 1/2-1/2

[Event "SR 2. liga A 2015/2016"]
[Site "?"]
[Date "2016.03.13"]
[Round "11.6"]
[White "Duben, Igor"]
[Black "Jablonicky, Martin"]
[Result "1/2-1/2"]
[WhiteElo "2219"]
[BlackElo "2255"]
[PlyCount "173"]
[EventDate "2015.??.??"]

1. d4 Nf6 2. Nf3 e6 3. Bf4 c5 4. e3 Qb6 5. b3 Nc6 6. Be2 Nd5 7. dxc5 Bxc5 8.
O-O Nxf4 9. exf4 d5 10. c4 d4 11. Nbd2 O-O 12. Ne4 Be7 13. Bd3 f5 14. Ned2 Bf6
15. Re1 Qc7 16. g3 g5 17. fxg5 Bg7 18. Nh4 e5 19. f3 Qd8 20. Ng2 Qxg5 21. f4
Qh6 22. fxe5 Nxe5 23. Nf3 Ng4 24. Qc1 Qc6 25. Qd1 b6 26. Nf4 Bb7 27. Nd5 Kh8
28. Nh4 Ne3 29. Qh5 Qh6 30. Qxh6 Bxh6 31. Ng2 Bxd5 32. cxd5 Rac8 33. Nxe3 Bxe3+
34. Kg2 Rc5 35. Rf1 Rxd5 36. Rf3 Ra5 37. a4 Rc5 38. Raf1 Rc3 39. Bc4 Rc2+ 40.
Kh3 f4 41. gxf4 Rf6 42. Rg3 Rh6+ 43. Kg4 Rcxh2 44. Kf5 R2h5+ 45. Ke4 Rg6 46.
Rxg6 hxg6 47. f5 gxf5+ 48. Rxf5 Rh4+ 49. Kd3 Rh3 50. Rf8+ Kg7 51. Rf7+ Kg6 52.
Rxa7 Bg1+ 53. Kd2 Rh2+ 54. Kd3 Rh3+ 55. Kd2 Rh2+ 56. Be2 Kf5 57. Re7 Rh3 58.
Bd3+ Kf4 59. Rf7+ Ke5 60. Rf5+ Kd6 61. Bc4 Be3+ 62. Ke2 Rh2+ 63. Kd3 Bg1 64.
Ke4 Rh4+ 65. Kf3 Be3 66. Bf1 Rh2 67. Ke4 Rf2 68. Rd5+ Kc7 69. Bb5 Rf7 70. Kd3
Kb7 71. Re5 Rg7 72. Ke4 Rg4+ 73. Kd5 Rg5 74. Rxg5 Bxg5 75. Kxd4 Be7 76. Kd5 Kc7
77. Be8 Bf8 78. Kc4 Be7 79. Kb5 Bh4 80. Bc6 Be1 81. Bf3 Bd2 82. Ka6 Be1 83. Kb5
Bd2 84. b4 Be1 85. a5 bxa5 86. bxa5 Bxa5 87. Kxa5 1/2-1/2

[Event "SR 2. liga A 2015/2016"]
[Site "?"]
[Date "2016.03.13"]
[Round "11.6"]
[White "Oprea, Erik"]
[Black "Spacek, Oliver"]
[Result "1-0"]
[WhiteElo "2109"]
[BlackElo "2145"]
[PlyCount "144"]
[EventDate "2015.??.??"]

1. c4 g6 2. d4 Bg7 3. e4 c5 4. d5 b5 5. cxb5 a6 6. bxa6 Bxa6 7. Bxa6 Rxa6 8.
Ne2 d6 9. O-O Nd7 10. Nbc3 Ngf6 11. Qc2 O-O 12. b3 Qa8 13. Bb2 Rc8 14. Nb5 e6
15. dxe6 fxe6 16. Nxd6 Rxd6 17. e5 Qe4 18. Qxe4 Nxe4 19. exd6 Bxb2 20. Rad1 e5
21. g3 Nc3 22. Rd2 Nxe2+ 23. Rxe2 Bd4 24. Kg2 Kf7 25. f4 Ke6 26. fxe5 Nxe5 27.
Rd1 Kd5 28. h3 Rd8 29. Red2 Rb8 30. g4 h5 31. Kg3 hxg4 32. hxg4 Rb4 33. Rb1 Rb7
34. Rbd1 g5 35. Rf1 Ke6 36. Rf8 Be3 37. Re8+ Kf6 38. Rxe5 Kxe5 39. d7 Bxd2 40.
d8=Q Bf4+ 41. Kf3 Rb4 42. Qe7+ Kd5 43. Qf7+ Kc6 44. Qe6+ Bd6 45. Qe8+ Kc7 46.
Qf7+ Kc6 47. Qg8 Bf4 48. a4 Kb7 49. Qd5+ Kb6 50. Ke2 Rd4 51. Qa8 Rd6 52. Qb8+
Kc6 53. Qb5+ Kd5 54. a5 Re6+ 55. Kd1 Rh6 56. Qc4+ Ke5 57. Qxc5+ Ke4 58. Qe7+
Kd3 59. Qe2+ Kc3 60. Qc4+ Kb2 61. a6 Rh1+ 62. Ke2 Rh2+ 63. Kf3 Rh3+ 64. Ke4
Re3+ 65. Kf5 Re5+ 66. Kg6 Ra5 67. b4 Ra3 68. b5 Be3 69. Qe2+ Kb1 70. Qxe3 Rxe3
71. a7 Ra3 72. b6 Ra6 1-0

[Event "SR 2. liga A 2015/2016"]
[Site "?"]
[Date "2016.03.13"]
[Round "11.6"]
[White "Jablonicky, Frantisek"]
[Black "Sosovicka, Jakub"]
[Result "1-0"]
[WhiteElo "2118"]
[BlackElo "1838"]
[PlyCount "97"]
[EventDate "2015.??.??"]

1. Nf3 d5 2. c4 e6 3. e3 Nf6 4. Nc3 Be7 5. b3 O-O 6. Be2 b6 7. O-O Bb7 8. Bb2
Nbd7 9. Rc1 c5 10. Rc2 Rc8 11. Qa1 dxc4 12. bxc4 a6 13. d3 Qc7 14. g3 Rfd8 15.
e4 Nb8 16. Nd1 Nc6 17. Ne3 Rd7 18. Ne5 Nxe5 19. Bxe5 Qd8 20. Rd1 Ne8 21. Ng4
Bd6 22. Bc3 Qc7 23. Ne5 Bxe5 24. Bxe5 Qd8 25. f3 Nf6 26. a4 Bc6 27. Rb2 Rb7 28.
Rdb1 a5 29. Rb3 Ra8 30. g4 h6 31. Kg2 Ra6 32. Kg3 Rd7 33. h4 Ne8 34. f4 Rb7 35.
g5 hxg5 36. hxg5 f6 37. gxf6 gxf6 38. Bc3 Rg7+ 39. Kf3 Kf7 40. Qb2 Nd6 41. Rxb6
Qh8 42. Ke3 Rg3+ 43. Kd2 Bxe4 44. Rxa6 Bxd3 45. Rxd6 Bxe2 46. Qb7+ Kg6 47. Rh1
Rh3 48. Qe4+ Kg7 49. Rd7+ 1-0

[Event "SR 2. liga A 2015/2016"]
[Site "?"]
[Date "2016.03.13"]
[Round "11.6"]
[White "Szollos, Ondrej"]
[Black "Polasek, Filip"]
[Result "1/2-1/2"]
[WhiteElo "2035"]
[BlackElo "2091"]
[PlyCount "72"]
[EventDate "2015.??.??"]

1. Nf3 d5 2. d3 Nc6 3. c3 Nf6 4. Qc2 e5 5. e4 d4 6. Be2 Be7 7. O-O O-O 8. Re1
Bg4 9. h3 Bxf3 10. Bxf3 b6 11. Nd2 Qe8 12. Nf1 Rd8 13. Ng3 Nb8 14. c4 c5 15.
Bd2 a6 16. a3 b5 17. b3 Nbd7 18. Nf5 Rb8 19. Reb1 Qd8 20. Qc1 Ne8 21. Ba5 Nb6
22. cxb5 axb5 23. b4 c4 24. dxc4 Bg5 25. Qf1 bxc4 26. Bxb6 Qxb6 27. Qxc4 Nd6
28. Nxd6 Qxd6 29. Rb3 Rfc8 30. Qd3 Rc7 31. Bg4 g6 32. b5 Ra7 33. Be2 Rba8 34.
b6 Rb7 35. Qb5 Rab8 36. Qc4 Rxb6 1/2-1/2

[Event "SR 2. liga A 2015/2016"]
[Site "?"]
[Date "2016.03.13"]
[Round "11.6"]
[White "Pericka, Tomas"]
[Black "Ochrana, Ladislav"]
[Result "1-0"]
[WhiteElo "1995"]
[BlackElo "1923"]
[PlyCount "41"]
[EventDate "2015.??.??"]

1. e4 e6 2. d4 d5 3. Nc3 dxe4 4. Nxe4 Nd7 5. Be3 Ngf6 6. Nxf6+ Nxf6 7. Bd3 b6
8. Nf3 Bb7 9. O-O Bd6 10. c4 O-O 11. Rc1 Rc8 12. c5 bxc5 13. dxc5 Bxf3 14. gxf3
Be7 15. Kh1 Qd5 16. Qe2 c6 17. Rg1 Kh8 18. Rg5 Qxa2 19. Bd4 Ne8 20. Rh5 h6 21.
Rxh6+ 1-0

[Event "SR 2. liga A 2015/2016"]
[Site "?"]
[Date "2016.03.13"]
[Round "11.6"]
[White "Kosegi, Marek"]
[Black "Danada, Ondrej"]
[Result "1-0"]
[WhiteElo "1927"]
[BlackElo "1948"]
[PlyCount "111"]
[EventDate "2015.??.??"]

1. d4 e6 2. c4 Nf6 3. Nf3 b6 4. g3 Ba6 5. b3 Bb4+ 6. Bd2 Be7 7. Bg2 c6 8. O-O
O-O 9. Bc3 d5 10. Nbd2 Ne4 11. Nxe4 dxe4 12. Nd2 f5 13. e3 Bf6 14. f3 c5 15.
Nb1 Bb7 16. fxe4 Bxe4 17. Bxe4 fxe4 18. dxc5 Qd3 19. Qxd3 exd3 20. Bxf6 gxf6
21. cxb6 axb6 22. Nc3 Nc6 23. Na4 Nb4 24. Rad1 Rad8 25. Rd2 Rd6 26. Rfd1 Rfd8
27. Kf2 f5 28. c5 bxc5 29. Nxc5 Rc8 30. Nxd3 Nxd3+ 31. Rxd3 Rc2+ 32. Kf3 Rxd3
33. Rxd3 Rxa2 34. h4 h6 35. Kf4 Kf7 36. Ke5 Ra5+ 37. Kd6 Kf6 38. b4 Rb5 39. Rb3
Rd5+ 40. Kc6 Ke7 41. b5 Rd6+ 42. Kb7 Kd7 43. b6 Rd1 44. Kb8 Re1 45. b7 Re2 46.
Rd3+ Ke7 47. Ra3 Rb2 48. Ka7 Kf6 49. b8=Q Rxb8 50. Kxb8 Kg6 51. Kc7 e5 52. Kd6
f4 53. exf4 exf4 54. gxf4 Kf5 55. Ra4 Kg4 56. Ke5 1-0

[Event "SR 2. liga A 2015/2016"]
[Site "?"]
[Date "2015.12.05"]
[Round "5.4"]
[White "Hecko, Dusan"]
[Black "Szitkey, Milan"]
[Result "1/2-1/2"]
[WhiteElo "2090"]
[BlackElo "2110"]
[Annotator "Fritz 12 (20s)"]
[PlyCount "117"]
[EventDate "2015.??.??"]

{A16: English Opening: 1...Nf6 with ...d5} 1. c4 Nf6 2. Nc3 d5 3. cxd5 Nxd5 4.
Nf3 g6 5. g3 Bg7 6. Bg2 O-O 7. O-O Nc6 8. a3 Nb6 9. Qc2 {N} (9. d3 Rb8 $11)
9... e5 10. d3 Bg4 11. Be3 h6 12. Rac1 (12. h3 Bd7 $14) 12... f5 13. b4 Kh7 14.
Na4 f4 15. Bc5 Rf7 16. b5 $16 Nd4 17. Bxd4 (17. Nxd4 $5 exd4 18. Bxb7 $14)
17... exd4 $14 18. Nc5 c6 19. bxc6 bxc6 $11 20. h3 Bxf3 21. Bxf3 fxg3 22. fxg3
Rc8 23. Be4 (23. Bg4 $5 Rcc7 24. Ne6 $11) 23... Re7 24. Rf3 Qd6 25. Nb3 Rec7
26. h4 $14 Be5 $2 (26... Qe5 27. Qd2 $11) 27. Kh2 $4 (27. h5 $142 $18) 27...
Qe7 $11 (27... Qxa3 $2 28. h5 Kh8 29. hxg6 $18) 28. Kh3 Qe6+ 29. Kh2 Kg7 30.
Nd2 $2 (30. h5 $142 $5 gxh5 31. Bf5 $18) 30... Nd5 31. Nc4 Bf6 32. Rcf1 (32. h5
gxh5 33. Bf5 $16) 32... Rf7 $2 (32... Rf8 33. h5 gxh5 34. Qd2 $15) 33. Qd2 $2 (
33. h5 $142 Rcf8 34. hxg6 $18) 33... Nc3 $11 34. Qf4 Nxe2 $2 (34... Rff8 $142
$11) 35. Qd6 $18 Re8 36. Bxc6 Nxg3 (36... Qxd6 37. Nxd6 Re6 38. Nxf7 Rxc6 39.
Nxh6 Bxh4 40. gxh4 Kxh6 41. Re1 $18) 37. Rxg3 (37. Kxg3 $142 Ree7 38. Qxe6 Rxe6
$18) 37... Qe2+ 38. Kg1 (38. Bg2 Re6 39. Qf4 Rf8 $18) 38... Qxf1+ $2 39. Kxf1
Be5+ 40. Rf3 $2 (40. Bf3 $142 Bxd6 41. Nxd6 $18) 40... Rxf3+ $11 41. Bxf3 Bxd6
42. Nxd6 Re3 43. Be4 Rh3 44. Nb5 Rxh4 45. Nxa7 Rh2 46. Bg2 Rh5 47. Nc6 Rc5 48.
a4 Rc3 49. Be4 Ra3 50. a5 Ra2 51. Bd5 $16 Ra1+ 52. Kf2 g5 53. Bc4 h5 54. a6 g4
55. Nxd4 Kf6 56. Nc2 Ra4 57. Ne3 Kg5 58. d4 (58. Nd5 h4 $14) 58... h4 $4 (58...
Ra3 $142 $11) 59. d5 $18 1/2-1/2

[Event "SR 2. liga A 2015/2016"]
[Site "?"]
[Date "2016.01.24"]
[Round "7.3"]
[White "Hecko, Dusan"]
[Black "Hudacek, Josef"]
[Result "1/2-1/2"]
[WhiteElo "2092"]
[BlackElo "2058"]
[Annotator "Fritz 12 (20s)"]
[PlyCount "44"]
[EventDate "2015.??.??"]

{D78: Fianchetto Grünfeld: 6 0-0 c6} 1. c4 Nf6 2. Nc3 g6 3. Nf3 Bg7 4. g3 c6 5.
Bg2 O-O 6. O-O e6 7. d4 d5 8. Qb3 Nbd7 9. cxd5 $2 (9. Rd1 $5 $16) 9... exd5 $14
10. Bg5 h6 11. Bf4 Re8 12. Rfe1 Nf8 13. Rad1 Nh5 14. Bc1 Ne6 15. e4 $16 dxe4
16. Rxe4 Nf6 17. Ree1 Qc7 18. d5 cxd5 $14 19. Nxd5 Nxd5 20. Rxd5 Bd7 21. Be3
Bc6 22. Rd2 Qa5 1/2-1/2

[Event "SR 2. liga A 2016/2017"]
[Site "?"]
[Date "2016.10.08"]
[Round "1.1"]
[White "Puskar, Peter"]
[Black "Ruckschloss, Karol"]
[Result "1/2-1/2"]
[WhiteElo "2167"]
[BlackElo "2286"]
[PlyCount "115"]
[EventDate "2016.??.??"]

1. d4 f5 2. g3 g6 3. Bg2 Nf6 4. Nf3 Bg7 5. O-O O-O 6. c4 d6 7. Nc3 c6 8. b3 e5
9. dxe5 dxe5 10. Ba3 Qxd1 11. Raxd1 Re8 12. e4 f4 13. Bd6 Nbd7 14. Rfe1 fxg3
15. hxg3 Ng4 16. Rd3 Nf8 17. Red1 Nh6 18. Ne2 Nf7 19. Ba3 Bg4 20. Kf1 Ne6 21.
Nfg1 Bf8 22. Bxf8 Nxf8 23. f3 Be6 24. Bh3 Re7 25. Kf2 Ng5 26. Bxe6+ Nfxe6 27.
Ke3 Rf8 28. Rd7 Rff7 29. Rxe7 Rxe7 30. f4 exf4+ 31. gxf4 Nf7 32. Nf3 Nc5 33.
Ng3 a5 34. e5 g5 35. Ne4 gxf4+ 36. Kxf4 Ne6+ 37. Ke3 h6 38. Nf6+ Kg7 39. Nh5+
Kg6 40. Nf4+ Nxf4 41. Kxf4 Ng5 42. Nh4+ Kh7 43. Nf5 Nh3+ 44. Kg4 Rxe5 45. Rd7+
Kh8 46. Nxh6 Re3 47. Kh4 b5 48. cxb5 cxb5 49. Ng4 Rf3 50. Ne5 Re3 51. Ng6+ Kg8
52. Kh5 Nf2 53. Ne7+ Kf8 54. Nf5 Re5 55. Kg5 Re2 56. Nd4 Rxa2 57. Nxb5 Ne4+ 58.
Kf4 1/2-1/2

[Event "SR 2. liga A 2016/2017"]
[Site "?"]
[Date "2016.10.08"]
[Round "1.1"]
[White "Janos, Martin"]
[Black "Kovacocy, Pavel"]
[Result "1/2-1/2"]
[WhiteElo "2230"]
[BlackElo "2216"]
[PlyCount "66"]
[EventDate "2016.??.??"]

1. e4 c5 2. d4 cxd4 3. Nf3 g6 4. Nxd4 Nc6 5. Nc3 Bg7 6. Be3 Nf6 7. Be2 O-O 8.
Nb3 d6 9. f4 Be6 10. O-O Qc8 11. Kh1 Rd8 12. Qe1 d5 13. e5 d4 14. exf6 exf6 15.
Bd2 dxc3 16. Bxc3 Bxb3 17. axb3 Nd4 18. Bxd4 Rxd4 19. c3 Re4 20. Qf2 a6 21. g3
f5 22. Bf3 Re7 23. Rad1 Qc7 24. Rd3 Rd8 25. Rfd1 Rxd3 26. Rxd3 Bf8 27. Kg2 Re6
28. Qd2 b6 29. Qd1 a5 30. Rd7 Qc5 31. Bd5 Re7 32. Rd8 Qe3 33. Bf3 Re8 1/2-1/2

[Event "SR 2. liga A 2016/2017"]
[Site "?"]
[Date "2016.10.08"]
[Round "1.1"]
[White "Arendas, Marek"]
[Black "Ac, Michal"]
[Result "1/2-1/2"]
[WhiteElo "2115"]
[BlackElo "2158"]
[PlyCount "75"]
[EventDate "2016.??.??"]

1. e4 c5 2. Nf3 d6 3. d4 cxd4 4. Nxd4 Nf6 5. Nc3 g6 6. Be2 Bg7 7. Be3 Nc6 8.
Qd2 Nxd4 9. Bxd4 O-O 10. O-O Qa5 11. Rad1 Rd8 12. Nd5 Qxd2 13. Nxf6+ Bxf6 14.
Rxd2 Bxd4 15. Rxd4 Be6 16. a3 Rdc8 17. c3 Rc5 18. f4 Kg7 19. Kf2 g5 20. g3 Kf6
21. Rb4 b6 22. Bf3 Rg8 23. Ke3 g4 24. Be2 h5 25. Rg1 Bd7 26. Rd4 Bc6 27. Rc4
Rc8 28. Rxc5 bxc5 29. b4 Ba4 30. c4 cxb4 31. axb4 Rc7 32. b5 e6 33. Kd2 d5 34.
Ra1 Bb3 35. cxd5 exd5 36. Ra6+ Kg7 37. exd5 Bxd5 38. b6 1/2-1/2

[Event "SR 2. liga A 2016/2017"]
[Site "?"]
[Date "2016.10.08"]
[Round "1.1"]
[White "Tepper, Frantisek"]
[Black "Szitkey, Milan"]
[Result "0-1"]
[WhiteElo "2104"]
[BlackElo "2098"]
[PlyCount "82"]
[EventDate "2016.??.??"]

1. e4 e6 2. d4 d5 3. exd5 exd5 4. Bd3 Nf6 5. Nf3 Be7 6. O-O O-O 7. h3 Nbd7 8.
Bf4 Re8 9. Nbd2 Nf8 10. c3 Ng6 11. Bh2 Bd6 12. Re1 Bxh2+ 13. Kxh2 Nf4 14. Bf1
Bf5 15. Ne5 Ng6 16. g4 Be6 17. Qf3 Qd6 18. Qg3 Qb6 19. Nd3 Bd7 20. f3 Bb5 21.
b3 h5 22. Ne5 h4 23. Qf2 Rxe5 24. Rxe5 Nxe5 25. Bxb5 Ng6 26. Bf1 Qd6+ 27. Kh1
Re8 28. Re1 Qa3 29. Rxe8+ Nxe8 30. Qe3 Nf6 31. Bd3 Qc1+ 32. Bf1 Qa3 33. f4 Qc1
34. f5 Nf8 35. Qf2 Qxc3 36. Bg2 N8h7 37. Nf3 Qc1+ 38. Ng1 Ng5 39. Qxh4 Nfe4 40.
Bxe4 dxe4 41. f6 Qxg1+ 0-1

[Event "SR 2. liga A 2016/2017"]
[Site "?"]
[Date "2016.10.08"]
[Round "1.1"]
[White "Stetina, Erik"]
[Black "Janos, Jozef"]
[Result "0-1"]
[WhiteElo "2014"]
[BlackElo "2155"]
[PlyCount "50"]
[EventDate "2016.??.??"]

1. e4 c5 2. Nf3 e6 3. d4 cxd4 4. c3 Nf6 5. e5 Nd5 6. cxd4 Nc6 7. Nc3 Nxc3 8.
bxc3 d5 9. Bd3 Be7 10. h4 h6 11. Bd2 Bd7 12. Rb1 Na5 13. c4 dxc4 14. Be4 Rb8
15. O-O b5 16. d5 exd5 17. Bxd5 Bc6 18. Bxa5 Qxd5 19. Qc1 Qe4 20. Rd1 O-O 21.
Rd4 Qg6 22. Ne1 Be4 23. Rb4 Bc5 24. Rd1 Qa6 25. Qa3 Bb6 0-1

[Event "SR 2. liga A 2016/2017"]
[Site "?"]
[Date "2016.10.08"]
[Round "1.1"]
[White "Fabry, Robert"]
[Black "Puchart, Vladimir"]
[Result "0-1"]
[WhiteElo "2085"]
[BlackElo "2046"]
[PlyCount "72"]
[EventDate "2016.??.??"]

1. e4 c5 2. Nf3 d6 3. d4 cxd4 4. Nxd4 Nf6 5. Nc3 a6 6. Be2 e5 7. Nb3 Be7 8. Bg5
Nbd7 9. Qd2 b5 10. a3 Bb7 11. f3 O-O 12. Rd1 Rc8 13. O-O Qc7 14. Bd3 Rfd8 15.
Qf2 Nc5 16. Be3 Rf8 17. Nc1 Rfd8 18. N1e2 d5 19. exd5 Nxd5 20. Nxd5 Rxd5 21.
Bf5 Rcd8 22. Rxd5 Bxd5 23. Rd1 Be6 24. Rxd8+ Qxd8 25. Bxe6 Nxe6 26. Nc3 Bg5 27.
Kf1 h6 28. Ke1 Nf4 29. Bxf4 Bxf4 30. g3 Bc1 31. Nd1 Qd5 32. Qe2 g6 33. c3 Kg7
34. Nf2 Qc5 35. Kd1 Be3 36. Ng4 Bg1 {time} 0-1

[Event "SR 2. liga A 2016/2017"]
[Site "?"]
[Date "2016.10.08"]
[Round "1.1"]
[White "Sturdik, Igor"]
[Black "Mikulas, Dusan"]
[Result "1/2-1/2"]
[WhiteElo "1986"]
[BlackElo "2079"]
[PlyCount "59"]
[EventDate "2016.??.??"]

1. e4 c5 2. Nf3 d6 3. d4 cxd4 4. Nxd4 Nf6 5. Nc3 Nc6 6. Be3 Bd7 7. f3 a6 8. Qd2
e6 9. g4 Nxd4 10. Bxd4 Bc6 11. O-O-O b5 12. Kb1 b4 13. Ne2 a5 14. Ng3 Rb8 15.
Bd3 a4 16. g5 Nd7 17. f4 Qc7 18. Rhf1 Qb7 19. Nh5 b3 20. cxb3 axb3 21. Nxg7+
Bxg7 22. Bxg7 Nc5 23. Bc4 Nxe4 24. Qd4 bxa2+ 25. Bxa2 Rg8 26. Rfe1 d5 27. Re3
Qb4 28. Rb3 Qxd4 29. Rxb8+ Kd7 30. Bxd4 1/2-1/2

[Event "SR 2. liga A 2016/2017"]
[Site "?"]
[Date "2016.10.08"]
[Round "1.1"]
[White "Kuna, Vladimir"]
[Black "Doucha, Ludvig"]
[Result "1/2-1/2"]
[WhiteElo "2005"]
[BlackElo "1946"]
[PlyCount "55"]
[EventDate "2016.??.??"]

1. d4 Nf6 2. Nf3 d6 3. c4 g6 4. Nc3 Bg7 5. e3 O-O 6. Be2 Nbd7 7. O-O e5 8. dxe5
dxe5 9. Qc2 c6 10. e4 h6 11. h3 Qe7 12. Be3 Nh5 13. Rad1 Nf4 14. Qd2 Nxe2+ 15.
Nxe2 Kh7 16. Qd6 Qxd6 17. Rxd6 Re8 18. Rfd1 Nb6 19. b3 Be6 20. Nc3 Bf6 21. g4
Be7 22. R6d3 f6 23. c5 Nc8 24. Na4 Kg7 25. Kg2 Rb8 26. Ne1 b5 27. Nb2 a5 28. a3
1/2-1/2

[Event "SR 2. liga A 2016/2017"]
[Site "?"]
[Date "2016.10.08"]
[Round "1.2"]
[White "Kapusta, Petr"]
[Black "Jancovic, Peter"]
[Result "1-0"]
[WhiteElo "2213"]
[BlackElo "2212"]
[PlyCount "97"]
[EventDate "2016.??.??"]

1. e4 c5 2. Nf3 e6 3. d4 cxd4 4. Nxd4 a6 5. Nc3 Qc7 6. Be2 Bb4 7. O-O Nf6 8.
Qd3 Nc6 9. Nxc6 bxc6 10. f4 d5 11. exd5 cxd5 12. f5 Bd6 13. fxe6 fxe6 14. Kh1
O-O 15. Bg5 Bd7 16. Bxf6 gxf6 17. Nxd5 exd5 18. Qxd5+ Kh8 19. Rad1 Bxh2 20.
Qxd7 Qe5 21. Bd3 Qh5 22. Qxh7+ Qxh7 23. Bxh7 Be5 24. Be4 Ra7 25. b3 Kg7 26. Rf3
a5 27. Bf5 a4 28. Rh3 Rh8 29. Rxh8 Kxh8 30. g4 axb3 31. axb3 Kg8 32. Kg2 Kf8
33. Rh1 Ra1 34. Rh7 Rd1 35. Kf3 Ke8 36. Bd3 Re1 37. b4 Kd8 38. b5 Bd4 39. Bf5
Re7 40. Rxe7 Kxe7 41. Ke4 Bg1 42. Kd5 Bf2 43. Kc6 Kd8 44. c4 Be3 45. c5 Bf2 46.
b6 Be3 47. Kb5 Bf2 48. c6 Bg3 49. c7+ 1-0

[Event "SR 2. liga A 2016/2017"]
[Site "?"]
[Date "2016.10.08"]
[Round "1.2"]
[White "Hacik, Radomir"]
[Black "Koutny, Petr"]
[Result "1/2-1/2"]
[WhiteElo "2191"]
[BlackElo "2128"]
[PlyCount "83"]
[EventDate "2016.??.??"]

1. e4 c5 2. Nf3 e6 3. d4 cxd4 4. Nxd4 Nf6 5. Nc3 d6 6. Be2 Be7 7. O-O O-O 8.
Be3 Nc6 9. Qd2 Bd7 10. Rad1 Nxd4 11. Bxd4 Bc6 12. f4 Nd7 13. Bf3 e5 14. Be3
exf4 15. Bxf4 Ne5 16. Nd5 Bxd5 17. Qxd5 Qc7 18. Kh1 Rac8 19. c3 Qb8 20. Bxe5
dxe5 21. Qd7 Rc7 22. Qf5 Bf6 23. Rd5 b5 24. Be2 b4 25. c4 Rc6 26. Rb5 Rb6 27.
b3 Rxb5 28. cxb5 Qc7 29. Bc4 Rd8 30. g4 h6 31. h4 Qe7 32. g5 hxg5 33. hxg5 Bxg5
34. Bxf7+ Kh8 35. Bd5 Bh6 36. Kg2 Rd6 37. Qc8+ Kh7 38. Qg8+ Kg6 39. Bf7+ Kg5
40. Qc8 Qd7 41. Rf5+ Kh4 42. Qxd7 1/2-1/2

[Event "SR 2. liga A 2016/2017"]
[Site "?"]
[Date "2016.10.08"]
[Round "1.2"]
[White "Londin, Martin"]
[Black "Sulek, Viliam"]
[Result "1/2-1/2"]
[WhiteElo "1913"]
[BlackElo "2066"]
[PlyCount "32"]
[EventDate "2016.??.??"]

1. e4 c6 2. Nf3 g6 3. d4 Bg7 4. Nc3 d6 5. Bc4 Qc7 6. Be3 e6 7. Qd2 Bd7 8. O-O
b5 9. Bd3 a5 10. a3 Na6 11. Ne2 c5 12. c3 c4 13. Bc2 h6 14. h3 a4 15. Nh2 O-O-O
16. f4 f5 1/2-1/2

[Event "SR 2. liga A 2016/2017"]
[Site "?"]
[Date "2016.10.08"]
[Round "1.2"]
[White "Nestorenko, Dmitry"]
[Black "Hrubsa, Marian"]
[Result "1-0"]
[WhiteElo "2080"]
[BlackElo "1832"]
[PlyCount "91"]
[EventDate "2016.??.??"]

1. e4 e6 2. d4 d5 3. Nd2 Nf6 4. e5 Nfd7 5. c3 c5 6. f4 Nc6 7. Ndf3 cxd4 8. cxd4
Bb4+ 9. Kf2 f6 10. g3 fxe5 11. fxe5 O-O 12. Kg2 Be7 13. h4 Qb6 14. Ne2 Ndxe5
15. dxe5 Nxe5 16. Ned4 Ng4 17. Qb3 Qd6 18. Be3 e5 19. Nb5 Qc6 20. Rc1 Nxe3+ 21.
Qxe3 d4 22. Rxc6 dxe3 23. Rc2 b6 24. Bc4+ Kh8 25. Bd5 Rb8 26. Nxe5 Bb7 27. Bxb7
Rxb7 28. Rf1 Bf6 29. Ng4 a6 30. Nc3 Re8 31. Nxf6 gxf6 32. Rxf6 Rd7 33. Re2 b5
34. a3 a5 35. Nxb5 Rd2 36. Kf3 Rb8 37. Rf5 Rbd8 38. Re5 Rd1 39. Kxe3 R1d3+ 40.
Kf4 Rf8+ 41. Kg4 Rg8+ 42. Rg5 Rd5 43. Rxg8+ Kxg8 44. Nc3 Rd4+ 45. Re4 Rd2 46.
b4 1-0